000 04570 a2200361 4500
008 090427t xxu||||| |||| 00| 0 hin d
010 _aB-289347-357
020 _c40.00
_a9788126025503
035 _aB-289347-357
037 _bनार्थ इण्डिया पब्लि(वितरक)
040 _adpl
_bHIN
082 _a820.92
100 _aपरिमलेन्दु, रामनिरंजन
245 _aमोहनलाल महतो वियोगीः भारतीय साहित्य के निर्माता /
_cरामनिरंजन परिमलेन्दु
260 _aनई दिल्ली
_bसाहित्य अकादमी
_c2007
260 _aदिल्ली
_bनार्थ इंडिया पब्लिशर्ज एण्ड डिस्ट्रीब्यूटर्स (वितरक)
270 _aरवीन्द्र भवन, 35 फीरोजशाह मार्ग
_bनई दिल्ली
_e110001
270 _aई1/265, सोनिया विहार
_bदिल्ली
300 _a136पृ
_c22 सेमी (अजिल्द)
942 _adpl
_cHN
_2ddc
_h820.92
_mपरिम
999 _c12611
_d12611